[Event "AZE-ch Women 2019"]
[Site "Baku"]
[Date "2019.02.06"]
[Round "3.1"]
[White "Gasimova, Samra"]
[Black "Mamedjarova, Zeinab"]
[Result "0-1"]
[WhiteElo "1693"]
[BlackElo "2307"]
[Annotator "ChessBase"]
[PlyCount "104"]
[EventDate "2019.02.04"]
[EventType "swiss"]
[EventCountry "AZE"]
[SourceTitle "playchess.com"]
[Source "ChessBase"]
[SourceQuality "1"]
[TimeControl "40/5400+30:1800+30"]

1. d4 {[%emt 0:00:00]} e6 {[%emt 0:00:12]} 2. c4 {[%emt 0:00:00]} Nf6 {[%emt 0:02:40]} 3. Nc3 {[%emt 0:00:00]} Be7 {[%emt 0:01:05]} 4. e3 {[%emt 0:00:24]} O-O {[%emt 0:00:30]} 5. Bd3 {[%emt 0:00:19]} d5 {[%emt 0:03:36]} 6. Nge2 {[%emt 0:00:50]} c5 {[%emt 0:03:18]} 7. O-O {[%emt 0:04:16]} dxc4 {[%emt 0:10:29]} 8. Bxc4 {[%emt 0:00:14]} Nc6 {[%emt 0:00:04]} 9. b3 {[%emt 0:04:44]} cxd4 {[%emt 0:08:43]} 10. Nxd4 {[%emt 0:01:51]} Ne5 {[%emt 0:09:32]} 11. Be2 {[%emt 0:03:10]} Qa5 {[%emt 0:00:13]} 12. Bb2 {[%emt 0:04:41]} Bd7 {[%emt 0:00:11]} 13. a3 {[%emt 0:06:58]} Rac8 {[%emt 0:02:54]} 14. Qd2 {[%emt 0:04:03]} Rfd8 {[%emt 0:02:30]} 15. Rfd1 {[%emt 0:01:59]} Qb6 {[%emt 0:05:45]} 16. b4 {[%emt 0:02:46]} Nc4 {[%emt 0:03:33]} 17. Bxc4 {[%emt 0:01:16]} Rxc4 {[%emt 0:00:21]} 18. Rac1 {[%emt 0:01:15]} a5 {[%emt 0:10:55]} 19. bxa5 {[%emt 0:12:02]} Qxa5 {[%emt 0:02:04]} 20. Ne4 {[%emt 0:01:17]} Rxc1 {[%emt 0:05:46]} 21. Rxc1 {[%emt 0:00:42]} Qd5 {[%emt 0:05:16]} 22. Nc3 {[%emt 0:08:29]} Qh5 {[%emt 0:04:21]} 23. Qe2 {[%emt 0:02:09]} Qa5 {[%emt 0:00:13]} 24. Qc4 {[%emt 0:08:22]} e5 {[%emt 0:04:04]} 25. Nf3 {[%emt 0:04:46]} h6 {[%emt 0:02:06]} 26. h3 {[%emt 0:00:52]} Bc6 {[%emt 0:01:01]} 27. e4 {[%emt 0:06:40]} Rc8 {[%emt 0:05:55]} 28. Nd5 {[%emt 0:04:39]} Nxd5 {[%emt 0:00:26]} 29. exd5 {[%emt 0:00:15]} Bd7 {[%emt 0:00:38]} 30. Qd3 {[%emt 0:00:44]} Rxc1+ {[%emt 0:00:48]} 31. Bxc1 {[%emt 0:00:06]} Bd6 {[%emt 0:00:19]} 32. Bd2 {[%emt 0:10:12]} Qa4 {[%emt 0:00:26]} 33. Bb4 {[%emt 0:01:46]} Bxb4 {[%emt 0:01:36]} 34. axb4 {[%emt 0:00:12]} Qxb4 {[%emt 0:00:27]} 35. Qe3 {[%emt 0:01:45]} f6 {[%emt 0:01:09]} 36. Nd2 {[%emt 0:01:00]} Qd4 {[%emt 0:01:27]} 37. Qxd4 {[%emt 0:01:22]} exd4 {[%emt 0:00:08]} 38. Kf1 {[%emt 0:00:15]} Bb5+ {[%emt 0:01:42]} 39. Ke1 {[%emt 0:00:24]} Kf7 {[%emt 0:00:27]} 40. Nf3 {[%emt 0:00:00]} d3 {[%emt 0:00:00]} 41. Kd2 {[%emt 0:01:36]} Bc4 {[%emt 0:03:15]} 42. d6 {[%emt 0:03:32]} Ke6 {[%emt 0:06:35]} 43. Kc3 {[%emt 0:01:20]} b5 {[%emt 0:00:57]} 44. Nd2 {[%emt 0:03:44]} Kxd6 {[%emt 0:01:15]} 45. Ne4+ {[%emt 0:00:33]} Ke5 {[%emt 0:04:25]} 46. Nc5 {[%emt 0:00:52]} d2 {[%emt 0:02:04]} 47. Kxd2 {[%emt 0:00:19]} Bf1 {[%emt 0:00:37]} 48. g3 {[%emt 0:00:47]} Bxh3 {[%emt 0:00:39]} 49. Nd3+ {[%emt 0:00:41]} Ke4 {[%emt 0:01:02]} 50. Nf4 {[%emt 0:00:26]} Bg4 {[%emt 0:00:56]} 51. Nd3 {[%emt 0:02:54]} g5 {[%emt 0:01:57]} 52. Ne1 {[%emt 0:01:04]} h5 {[%emt 0:00:26]} 0-1

[Event "AZE-ch Women 2019"]
[Site "Baku"]
[Date "2019.02.06"]
[Round "3.2"]
[White "Mammadzada, Gunay"]
[Black "Balajayeva, Khanim"]
[Result "1-0"]
[WhiteElo "2422"]
[BlackElo "2397"]
[Annotator "TA"]
[PlyCount "59"]
[EventDate "2019.02.04"]
[EventType "swiss"]
[EventCountry "AZE"]
[SourceTitle "playchess.com"]
[Source "ChessBase"]
[SourceQuality "1"]

{[%evp 20,59,37,31,31,34,22,25,26,15,29,14,18,18,111,116,116,123,145,145,198,201,206,168,169,162,266,270,270,251,477,471,1334,1314,1292,1237,2082,2043,29988,1379,29996,29997]} 1. e4 e5 2. Nf3 Nc6 3. Bb5 a6 4. Ba4 Nf6 5. O-O Be7 6. Re1 b5 7. Bb3 d6 8. c3 O-O 9. h3 Re8 $146 ({Predecessor:} 9... Bb7 10. d4 {½-½ (32) Ivanchuk,V (2726)-Kovalev,V (2639) Riadh 2017}) 10. d4 Bb7 11. Nbd2 exd4 {C92: Closed Ruy Lopez: 9...Be6, Karpov and Flohr-Zaitsev Variations} 12. cxd4 Nd7 13. Nf1 Na5 {White has an edge.} 14. Bc2 Bf6 15. Rb1 c5 16. d5 c4 (16... Nc4 $11 {remains equal.}) ({Predecessor:} 16... Nc4 17. b3 Nce5 18. N3h2 Bc8 19. Ne3 {½-½ (32) Ivanchuk,V (2726)-Kovalev,V (2639) Riadh 2017}) 17. b4 $16 cxb3 18. axb3 Rc8 19. Ne3 {[%cal Bf1e3,Be3g4,Bg4f6][%mdl 32]} Ba8 (19... Bc3 $16) 20. Nd4 Nb7 21. Bb2 Nbc5 22. Ng4 b4 (22... Bxd4 {keeps fighting.} 23. Qxd4 f6) 23. Nxf6+ $18 Nxf6 24. Nf5 Rf8 $2 (24... Re5 25. Bxe5 dxe5) 25. Re3 Ne8 {[#]} (25... Ncd7 $142 26. Rg3 g6 27. Nxd6 Rc5) 26. Bxg7 $1 {[%mdl 512]} Nxg7 27. Rg3 Kh8 28. Rxg7 {White wants to mate with Qh5.} Qf6 {[#]} 29. e5 $1 {[%mdl 512]} dxe5 {[#]} 30. Rxh7+ $3 {[%mdl 512] Accuracy: White = 77%, Black = 26%.} 1-0

[Event "AZE-ch Women 2019"]
[Site "Baku"]
[Date "2019.02.06"]
[Round "3.3"]
[White "Beydullayeva, Govhar"]
[Black "Mamedjarova, Turkan"]
[Result "1/2-1/2"]
[WhiteElo "2239"]
[BlackElo "2267"]
[Annotator "ChessBase"]
[PlyCount "164"]
[EventDate "2019.02.04"]
[EventType "swiss"]
[EventCountry "AZE"]
[SourceTitle "playchess.com"]
[Source "ChessBase"]
[SourceQuality "1"]
[TimeControl "40/5400+30:1800+30"]

1. c4 {[%emt 0:00:00]} e6 {[%emt 0:00:31]} 2. g3 {[%emt 0:00:21]} d5 {[%emt 0:00:54]} 3. Nf3 {[%emt 0:00:37]} Nf6 {[%emt 0:00:07]} 4. Bg2 {[%emt 0:00:12]} Be7 {[%emt 0:03:37]} 5. d4 {[%emt 0:00:25]} O-O {[%emt 0:00:33]} 6. O-O {[%emt 0:00:05]} dxc4 {[%emt 0:00:35]} 7. Qc2 {[%emt 0:01:04]} b6 {[%emt 0:02:03]} 8. Ne5 {[%emt 0:17:34]} Qxd4 {[%emt 0:01:06]} 9. Bxa8 {[%emt 0:09:26]} Qxe5 {[%emt 0:01:28]} 10. Bf3 {[%emt 0:03:39]} Nd5 {[%emt 0:08:36]} 11. Qxc4 {[%emt 0:10:30]} c5 {[%emt 0:22:11]} 12. Nc3 {[%emt 0:10:38]} Ba6 13. Qe4 {[%emt 0:00:27]} Qxe4 {[%emt 0:05:03]} 14. Nxe4 {[%emt 0:03:17]} Nc6 {[%emt 0:05:05]} 15. Nc3 {[%emt 0:13:21]} Nxc3 {[%emt 0:05:54]} 16. bxc3 {[%emt 0:00:15]} Ne5 {[%emt 0:00:33]} 17. Kg2 {[%emt 0:08:35]} Bf6 {[%emt 0:17:33]} 18. Bd2 {[%emt 0:00:22]} g5 {[%emt 0:02:45]} 19. h3 {[%emt 0:02:22]} Rd8 {[%emt 0:02:27]} 20. Rfd1 {[%emt 0:04:14]} Bc4 {[%emt 0:05:55]} 21. Be1 {[%emt 0:01:51]} Rc8 {[%emt 0:05:10]} 22. Bd2 {[%emt 0:01:03]} Kg7 {[%emt 0:00:39]} 23. Rdc1 {[%emt 0:02:47]} Rd8 {[%emt 0:01:02]} 24. Be1 {[%emt 0:00:55]} a6 {[%emt 0:01:00]} 25. Rc2 {[%emt 0:00:19]} Nxf3 {[%emt 0:01:12]} 26. Kxf3 {[%emt 0:00:36]} Bd5+ {[%emt 0:01:10]} 27. Ke3 {[%emt 0:02:25]} b5 {[%emt 0:00:52]} 28. Rd1 {[%emt 0:02:26]} Rb8 {[%emt 0:01:15]} 29. Rb1 {[%emt 0:00:47]} Rc8 {[%emt 0:01:51]} 30. f3 {[%emt 0:00:34]} e5 {[%emt 0:01:38]} 31. Rd1 {[%emt 0:00:46]} Bc4 {[%emt 0:00:06]} 32. g4 {[%emt 0:01:04]} a5 {[%emt 0:00:58]} 33. Ke4 {[%emt 0:00:46]} Be6 {[%emt 0:01:14]} 34. Rb1 {[%emt 0:01:06]} Bc4 {[%emt 0:00:37]} 35. Bf2 {[%emt 0:00:53]} a4 {[%emt 0:00:23]} 36. a3 {[%emt 0:01:10]} Bb3 {[%emt 0:01:13]} 37. Rcc1 {[%emt 0:00:38]} Be7 {[%emt 0:00:17]} 38. Rb2 {[%emt 0:00:45]} Rd8 {[%emt 0:00:11]} 39. Be1 {[%emt 0:00:28]} c4 {[%emt 0:00:35]} 40. Ra1 {[%emt 0:00:00]} Kf6 {[%emt 0:00:00]} 41. Bg3 {[%emt 0:13:15]} Bd6 {[%emt 0:04:45]} 42. Rd2 {[%emt 0:06:53]} Ke6 {[%emt 0:03:19]} 43. f4 {[%emt 0:04:12]} gxf4 {[%emt 0:03:43]} 44. Bh4 {[%emt 0:00:05]} Rd7 {[%emt 0:05:08]} 45. e3 {[%emt 0:01:55]} fxe3 {[%emt 0:02:30]} 46. Kxe3 {[%emt 0:00:03]} Bc5+ {[%emt 0:00:56]} 47. Ke2 {[%emt 0:00:00]} Rxd2+ {[%emt 0:03:38]} 48. Kxd2 {[%emt 0:00:01]} f5 {[%emt 0:00:09]} 49. gxf5+ {[%emt 0:01:45]} Kxf5 {[%emt 0:00:04]} 50. Bf2 {[%emt 0:02:19]} Be7 {[%emt 0:01:45]} 51. Be3 {[%emt 0:01:38]} h5 {[%emt 0:00:37]} 52. Ke2 {[%emt 0:02:35]} Bc2 {[%emt 0:01:31]} 53. Ra2 {[%emt 0:01:24]} Bb1 {[%emt 0:03:44]} 54. Rb2 {[%emt 0:01:23]} Bd3+ {[%emt 0:00:04]} 55. Kf3 {[%emt 0:00:32]} Bf1 {[%emt 0:00:52]} 56. Rxb5 {[%emt 0:00:41]} Bxh3 {[%emt 0:00:24]} 57. Bc5 {[%emt 0:00:27]} Bg4+ {[%emt 0:00:33]} 58. Kg2 {[%emt 0:00:20]} Bd8 {[%emt 0:01:48]} 59. Rb4 {[%emt 0:00:08]} Bd1 {[%emt 0:02:01]} 60. Rxc4 {[%emt 0:00:06]} Bb3 {[%emt 0:00:09]} 61. Rb4 {[%emt 0:01:01]} Ba5 {[%emt 0:00:02]} 62. Rh4 {[%emt 0:00:27]} Bxc3 {[%emt 0:00:48]} 63. Rxh5+ {[%emt 0:00:05]} Ke4 {[%emt 0:00:16]} 64. Rh3 {[%emt 0:01:04]} Bb2 {[%emt 0:00:40]} 65. Kf1 {[%emt 0:00:18]} Kd5 {[%emt 0:01:05]} 66. Bb4 {[%emt 0:00:11]} Kc4 {[%emt 0:00:52]} 67. Rh4+ {[%emt 0:01:01]} Kd3 {[%emt 0:00:10]} 68. Rh3+ {[%emt 0:00:21]} Kd4 {[%emt 0:00:43]} 69. Ke2 {[%emt 0:00:24]} Bc1 {[%emt 0:01:06]} 70. Rh1 {[%emt 0:00:23]} Bg5 {[%emt 0:00:33]} 71. Rg1 {[%emt 0:00:28]} Bc4+ {[%emt 0:00:21]} 72. Kd1 {[%emt 0:00:42]} Be3 {[%emt 0:00:24]} 73. Rg3 {[%emt 0:00:38]} Bf4 {[%emt 0:00:42]} 74. Rg7 {[%emt 0:00:41]} e4 {[%emt 0:00:32]} 75. Rd7+ {[%emt 0:00:24]} Bd5 {[%emt 0:01:32]} 76. Ra7 {[%emt 0:00:51]} Bg3 {[%emt 0:00:42]} 77. Be1 {[%emt 0:00:20]} Bb3+ {[%emt 0:00:21]} 78. Ke2 {[%emt 0:00:00]} Bc4+ {[%emt 0:00:57]} 79. Kd1 {[%emt 0:00:01]} Bb3+ {[%emt 0:00:01]} 80. Ke2 {[%emt 0:00:10]} Bc4+ {[%emt 0:00:58]} 81. Kd1 {[%emt 0:00:28]} Bb3+ {[%emt 0:00:03]} 82. Ke2 {[%emt 0:00:13]} Bc4+ {[%emt 0:00:58]} 1/2-1/2

[Event "AZE-ch Women 2019"]
[Site "Baku"]
[Date "2019.02.06"]
[Round "3.4"]
[White "Mammadova, Gulnar"]
[Black "Soyunlu, Narmin"]
[Result "1-0"]
[WhiteElo "2368"]
[BlackElo "2029"]
[Annotator "TA"]
[PlyCount "77"]
[EventDate "2019.02.04"]
[EventType "swiss"]
[EventCountry "AZE"]
[SourceTitle "playchess.com"]
[Source "ChessBase"]
[SourceQuality "1"]

{[%evp 22,77,27,22,20,20,17,24,23,0,39,-20,41,47,47,31,68,66,88,45,117,120,107,113,114,96,110,93,103,104,108,89,89,89,93,91,85,97,125,125,345,336,344,320,336,349,328,338,370,370,808,765,1952,1815,3651,3224,29980,6507]} 1. e4 e5 2. Nf3 Nc6 3. Bb5 a6 4. Ba4 Nf6 5. O-O Be7 6. Re1 b5 7. Bb3 d6 8. c3 O-O 9. d4 Bg4 10. Be3 Na5 11. Bc2 Nc4 12. Bc1 {LiveBook: 39 Games} Re8 {C91: Closed Ruy Lopez: 7...d6 8 c3 0-0 9 d4} (12... exd4 13. cxd4 c5 14. b3 Na5 15. Nbd2 cxd4 16. h3 Bh5 17. Bb2 Nc6 18. Qb1 Qb6 19. a4 Bg6 20. Nf1 Nd7 21. Rd1 Bf6 22. N1h2 d3 23. Bxd3 Bxb2 24. Qxb2 {0-1 (52) Pavlidis,A (2522)-Jumabayev,R (2606) Berlin 2015}) 13. b3 Nb6 14. h3 Bh5 {White has an edge.} 15. Nbd2 Bf8 16. d5 ({White should play} 16. a4 $14) 16... Bxf3 $146 (16... c6 $11) ({Predecessor:} 16... c5 17. a4 Qc7 18. Bb2 bxa4 19. bxa4 Rab8 20. Ra2 {½-½ (43) Vecera,P (2153)-Beranek,O (1875) Havlickuv Brod 2015}) 17. Qxf3 c6 18. c4 $36 {[%mdl 2048] White fights for an advantage.} cxd5 19. cxd5 Nfd7 20. a4 Nc5 ({Black should try} 20... Qc7 $14 21. Bd1 bxa4) 21. a5 $16 Nc8 22. b4 Nd7 23. Nb1 Qf6 24. Qe2 Ne7 25. Na3 Rec8 26. Be3 Ng6 27. g3 Qd8 28. Bd3 Ne7 29. Rec1 Rxc1+ 30. Rxc1 ({Don't play} 30. Bxc1 f5 $14) 30... Rc8 $2 {[#]} (30... f5 $16) 31. Rxc8 $18 Nxc8 32. Qc2 Nb8 33. Nxb5 axb5 34. Bxb5 g6 35. a6 {[%cal Ba5a6,Ba6a7][%mdl 32]} Nb6 $2 {[#]} (35... Be7 36. Qa4 Qc7) 36. a7 N8d7 37. Bxd7 Nxd7 38. Qc6 Nb8 39. Qb7 {Precision: White = 72%, Black = 34%.} (39. Qa8 $142 Nc6 40. Qxc6 f5 41. a8=Q Qxa8 42. Qxa8 f4 43. gxf4 exf4 44. Bd4) 1-0

[Event "AZE-ch Women 2019"]
[Site "Baku"]
[Date "2019.02.06"]
[Round "3.5"]
[White "Hojjatova, Aydan"]
[Black "Heydarova, Aytaj"]
[Result "1-0"]
[WhiteElo "2303"]
[BlackElo "1747"]
[Annotator "TA"]
[PlyCount "85"]
[EventDate "2019.02.04"]
[EventType "swiss"]
[EventCountry "AZE"]
[SourceTitle "playchess.com"]
[Source "ChessBase"]
[SourceQuality "1"]

{[%evp 12,85,6,0,0,-18,-13,-19,0,0,0,-13,0,-25,26,0,0,-7,0,6,9,5,39,29,46,36,27,15,70,60,68,68,72,64,76,68,82,60,80,70,76,67,81,68,75,64,78,56,79,29,31,33,143,144,142,146,130,137,147,155,154,164,163,155,156,162,175,177,265,267,280,272,392,374,339,334]} 1. b4 e5 2. Bb2 Bxb4 3. Bxe5 Nf6 4. Nf3 $146 ({Predecessor:} 4. c4 Nc6 5. Bb2 O-O 6. Nf3 d5 {½-½ (65) Muri,H (2398)-Mayer,R (2477) ICCF email 2009}) 4... Nc6 5. Bb2 d5 6. e3 O-O 7. c4 Ne4 {A00: Irregular Openings} 8. a3 Ba5 $1 9. Be2 Bg4 {The position is equal.} ({Predecessor:} 9... dxc4 10. Bxc4 Bg4 {½-½ (65) Muri,H (2398)-Mayer,R (2477) ICCF email 2009}) 10. O-O dxc4 11. Bxc4 Ng5 12. Kh1 Qd6 (12... Ne7 $142) ({Predecessor:} 12... Nxf3 13. gxf3 Be6 14. Rg1 g6 15. Qc2 Bxc4 16. Qxc4 {½-½ (65) Muri,H (2398)-Mayer,R (2477) ICCF email 2009}) 13. d4 Rad8 14. Nc3 {[%cal Bb1c3,Bc3e2,Be2g3,Bg3f5][%mdl 32]} Qh6 {aiming for ...Bxf3.} (14... Bxc3 {feels hotter.} 15. Bxc3 Nxf3 16. gxf3 Ne5 17. fxg4 Nxc4 18. Qf3 b6) 15. Be2 Nxf3 (15... Bxf3 {seems wilder.} 16. Bxf3 Nxf3 17. Qxf3 Ne7 18. Ne4 c6) 16. Bxf3 Bxf3 17. Qxf3 Bb6 18. Ne2 Na5 19. Ng3 Kh8 (19... Nb3 $11) 20. Nf5 $14 Qf6 21. Bc3 g6 22. Ng3 Qxf3 23. gxf3 f6 24. Ne2 Nc4 25. Rfc1 Rfe8 26. Kg2 Kg8 27. a4 {Strongly threatening a5.} a5 $1 28. Rab1 Kf7 29. Nf4 Rd7 30. Be1 g5 31. Nd3 $36 {[%mdl 2048] Black is under pressure.} Ne5 (31... Nxe3+ $14 32. fxe3 Rxe3) 32. Nb2 $1 $16 ({Don't play} 32. dxe5 $6 Rxd3 33. exf6 Red8 $14) 32... Ng6 {[#]} 33. Nc4 $1 Nh4+ {[#]} 34. Kg3 $1 Nf5+ 35. Kh3 Re6 36. Bxa5 Bxa5 37. Nxa5 b6 38. Nc6 Kg6 39. Nb8 Rg7 (39... Rf7 $142 40. Na6 Ree7) 40. Na6 $18 Ree7 41. Rc6 Nh4 (41... Rd7 $142 42. Rbc1 Ne7) 42. Rbc1 Nxf3 43. Nxc7 {Accuracy: White = 65%, Black = 35%.} 1-0

[Event "AZE-ch Women 2019"]
[Site "Baku"]
[Date "2019.02.06"]
[Round "3.6"]
[White "Allahverdiyeva, Ayan"]
[Black "Babayeva, Samira"]
[Result "1-0"]
[WhiteElo "2051"]
[BlackElo "1773"]
[Annotator "NA RC"]
[PlyCount "51"]
[EventDate "2019.02.04"]
[EventType "swiss"]
[EventCountry "AZE"]
[SourceTitle "playchess.com"]
[Source "ChessBase"]
[SourceQuality "1"]
[TimeControl "40/5400+30:1800+30"]

{[%evp 12,46,66,67,94,99,133,132,79,106,132,135,32767,80,90,32767,88,88,91,93,87,77,81,90,412,345,343,350,32767,697,1179,1273,32767,32767,32767,32767,29995]} 1. e4 {[%emt 0:00:00]} d6 {[%emt 0:05:04]} 2. d4 {[%emt 0:00:00]} c6 {[%emt 0:00:07]} 3. Nc3 {[%emt 0:00:29]} Qc7 {[%emt 0:00:03]} 4. f4 {[%emt 0:00:15]} e5 {[%emt 0:00:46]} 5. Nf3 {[%emt 0:00:36]} Nd7 {[%emt 0:00:57]} 6. Bc4 {[%emt 0:11:42]} Be7 {[%emt 0:02:28]} 7. O-O {[%emt 0:00:58]} Ngf6 {[%emt 0:04:44] [#]} 8. fxe5 $1 {[%emt 0:03:42]} dxe5 {[%emt 0:00:21]} 9. Nxe5 {[%emt 0:00:45]} Nxe5 {[%emt 0:00:21]} 10. Bf4 {[%emt 0:00:06] Pin} Bd6 {[%emt 0:01:06]} 11. dxe5 {[%emt 0:00:18]} Bxe5 {[#]} 12. Bxf7+ $1 {[%emt 0:00:47]} Ke7 {[%emt 0:06:08]} 13. Bxe5 {[%emt 0:03:44]} Qxe5 {[%emt 0:00:03]} 14. Bb3 {[%emt 0:06:35]} Ng4 {[%emt 0:00:30]} 15. Rf7+ {[%emt 0:02:40]} Ke8 {[%emt 0:00:56]} 16. g3 {[%emt 0:02:07]} Qc5+ {[%emt 0:01:43]} 17. Kh1 {[%emt 0:00:17]} Nf2+ $2 {[%emt 0:00:10]} (17... Rf8 $16 {is more resistant.} 18. Rxf8+ Qxf8) 18. Rxf2 $1 {[%emt 0:00:25]} Qxf2 {[%emt 0:00:03]} 19. Qh5+ {[%emt 0:02:50]} Kf8 {[%emt 0:04:56]} 20. Bc4 {[%emt 0:02:21]} g6 {[%emt 0:07:44]} 21. Qe5 {[%emt 0:04:09]} Qf3+ {[%emt 0:01:29]} 22. Kg1 {[%emt 0:00:14]} Qe3+ {[%emt 0:00:05]} 23. Kg2 {[%emt 0:00:22]} Rg8 {[%emt 0:10:12]} 24. Qf6+ {[%emt 0:00:14]} Ke8 {[%emt 0:00:14]} 25. Qf7+ {[%emt 0:00:04]} Kd8 {[%emt 0:00:12]} 26. Rd1+ {[%emt 0:00:02]} 1-0

[Event "AZE-ch Women 2019"]
[Site "Baku"]
[Date "2019.02.06"]
[Round "3.7"]
[White "Babazade, Zhala"]
[Black "Abdulla, Khayala"]
[Result "0-1"]
[WhiteElo "1823"]
[BlackElo "2243"]
[Annotator "TA"]
[PlyCount "66"]
[EventDate "2019.02.04"]
[EventType "swiss"]
[EventCountry "AZE"]
[SourceTitle "playchess.com"]
[Source "ChessBase"]
[SourceQuality "1"]

{[%evp 17,66,-6,12,11,-8,0,0,9,26,0,0,-29,-17,-30,0,0,4,0,14,-20,35,0,33,-62,0,0,0,-54,-50,-121,-107,-106,37,24,41,32,415,430,452,175,123,0,0,-1541,-1344,-29993,-29994,-29996,-29997,-29997,-29998]} 1. e4 c5 2. Nc3 e6 $146 (2... Nc6 3. g3 g6 4. Bg2 Bg7 5. d3 d6 6. Be3 e6 7. Nge2 Nd4 8. Qd2 {1-0 (54) Calavalle,G (2275)-Migliorini,M (2130) Lignano Sabbiadoro 2018}) ({Predecessor:} 2... Nc6 3. g3 g6 4. Bg2 Bg7 5. d3 d6 6. Be3 e6 7. Nge2 Nd4 8. Qd2 Rb8 9. Nd1 Ne7 10. c3 Nxe2 11. Qxe2 {½-½ (39) Janke,H (1663)-Herzum,P (1869) Oberhof 2012}) 3. g3 g6 4. Bg2 Bg7 5. Nge2 Nc6 6. d3 Nge7 7. Be3 d6 8. Qd2 Nd4 9. Nd1 O-O 10. c3 {B26: Closed Sicilian: 3 g3, lines with early Be3} (10. Nxd4 cxd4 11. Bh6 Bxh6 12. Qxh6 e5 13. h4 f6 14. Qd2 Be6 15. f4 Nc6 16. Nf2 Rc8 17. Nh3 Qa5 {1-0 (54) Calavalle,G (2275)-Migliorini,M (2130) Lignano Sabbiadoro 2018}) 10... Nxe2 11. Qxe2 Rb8 12. h4 {The position is equal.} b5 13. h5 b4 14. g4 ({Predecessor:} 14. hxg6 fxg6 15. Qd2 Qa5 16. Bh6 bxc3 17. bxc3 {½-½ (39) Janke,H (1663)-Herzum,P (1869) Oberhof 2012}) 14... bxc3 15. bxc3 Nc6 16. f4 Ba6 17. Rc1 Qa5 18. Qd2 Qb5 (18... Rfd8 $11) 19. Bf1 g5 20. d4 (20. h6 $14 Bh8 21. Be2 (21. fxg5 Ne5 $11)) 20... Qa5 (20... Qa4 $1 $15 21. h6 Bh8) 21. h6 Bf6 22. f5 (22. fxg5 $11 Bh8 23. Rh2) 22... cxd4 $1 $15 23. Bxg5 ({Better is} 23. cxd4 $15 Qxd2+ 24. Kxd2) 23... dxc3 24. Nxc3 Bxc3 (24... Ne5 $1 $17 {[%cal Re5f3] Hoping for ...Nf3+.} 25. Kf2 Rb2 26. Qxb2 Bxg5) 25. Rxc3 Ne5 {Threatens to win with ...Rb4.} 26. Kf2 $1 $40 {[%mdl 128] Black must now prevent Bxa6. White mounts an attack.} f6 $2 {[%mdl 8192] [#]} (26... Nxg4+ 27. Kg3) (26... Rb1 $14) 27. Bxf6 $1 $18 {[%mdl 512]} Bxf1 (27... Rxf6 28. Rc8+) 28. Rxf1 $2 (28. Qg5+ Ng6 29. Rxf1) 28... Nxg4+ 29. Kg2 ({White should try} 29. Kg3 $16 {Intending Qg5+ and mate.} Rxf6 {[%mdl 64] [#] Double Attack} 30. Rc8+ $1 {[%mdl 576] Discovered Attack} Rxc8 31. Qxa5 Nxh6 32. Qxa7 exf5 33. Kh4) 29... Rxf6 $11 {[%mdl 64] Double Attack} 30. Qg5+ $2 {[%mdl 8192]} (30. Rf4 $11 Ne3+ 31. Qxe3) 30... Rg6 $1 $19 {[%mdl 64] ( -> ...Rb2+). Pin} 31. Qe7 Rb2+ {Black mates.} 32. Kh1 Rh2+ {[%mdl 64] Double Attack} 33. Kg1 Qb6+ {Accuracy: White = 23%, Black = 48%.} 0-1

[Event "AZE-ch Women 2019"]
[Site "Baku"]
[Date "2019.02.06"]
[Round "3.8"]
[White "Hajiyeva, Altunay"]
[Black "Ismayil, Malak"]
[Result "0-1"]
[WhiteElo "1315"]
[BlackElo "1905"]
[Annotator "NA RC"]
[PlyCount "90"]
[EventDate "2019.02.04"]
[EventType "swiss"]
[EventCountry "AZE"]
[SourceTitle "playchess.com"]
[Source "ChessBase"]
[SourceQuality "1"]
[TimeControl "40/5400+30:1800+30"]

{[%evp 14,78,33,16,32767,32767,22,-16,55,-122,32767,32767,32767,32767,-139,-307,32767,-501,-515,-587,-576,-599,-610,-576,-600,-597,-644,-617,-618,-637,-632,-660,-787,-703,-701,-764,32767,-998,-1025,32767,32767,-922,-896,32767,32767,32767,-1877,-5694,-29973,-6632,-12477,-29980,-29970,-29982,-29983,-29982,-29984,-29987,-29988,-29989,-29990,-29990,-29991,-29991,-29992,-29992,-29993]} 1. e4 {[%emt 0:00:00]} e5 {[%emt 0:00:00]} 2. Nf3 {[%emt 0:00:00]} Nc6 {[%emt 0:00:00]} 3. d4 {[%emt 0:00:15]} exd4 {[%emt 0:00:00]} 4. Nxd4 {[%emt 0:00:03]} Qf6 {[%emt 0:00:32]} 5. Be3 {[%emt 0:01:12]} Bc5 {[%emt 0:00:24]} 6. c3 {[%emt 0:00:32]} Nge7 {[%emt 0:00:34]} 7. Bc4 {[%emt 0:12:33]} b6 {[%emt 0:03:21]} 8. O-O {[%emt 0:09:35]} O-O {[%emt 0:00:39]} 9. Qd2 {[%emt 0:16:29]} Qg6 {[%emt 0:13:52]} 10. f3 {[%emt 0:02:21]} a5 {[%emt 0:03:13]} (10... d5 $11 11. Bxd5 Nxd5 12. exd5 Ne5) 11. Qe2 $2 {[%emt 0:15:58]} (11. Nb5 $14 {stays ahead.}) 11... Ne5 {[%emt 0:05:22]} 12. Nd2 {[%emt 0:05:34]} Nxc4 {[%emt 0:02:24]} 13. Nxc4 {[%emt 0:00:47]} Ba6 {[%emt 0:00:42]} 14. a4 $2 {[%emt 0:05:09]} (14. Rfe1 $17) 14... d5 {[%emt 0:13:58]} 15. exd5 {[%emt 0:10:31]} (15. Nb5 $142 Bxb5 16. axb5 dxc4 17. Bxc5 bxc5 18. Qxc4) 15... Nxd5 {[%emt 0:00:14]} 16. Qc2 {[%emt 0:08:21]} Bxc4 {[%emt 0:01:34]} 17. Qxg6 {[%emt 0:02:13]} hxg6 {[%emt 0:00:10]} 18. Rfe1 {[%emt 0:00:12]} Nxe3 {[%emt 0:00:17]} 19. Rxe3 {[%emt 0:00:02]} Rfe8 {[%emt 0:00:34]} 20. Ree1 {[%emt 0:04:46]} Rxe1+ {[%emt 0:00:25]} 21. Rxe1 {[%emt 0:00:02]} Rd8 {[%emt 0:00:14]} 22. Rd1 {[%emt 0:01:19]} Bxd4+ {[%emt 0:00:15]} 23. cxd4 {[%emt 0:00:02]} c5 {[%emt 0:00:14]} 24. d5 {[%emt 0:00:34]} Rxd5 {[%emt 0:00:20]} 25. Rxd5 {[%emt 0:00:15]} Bxd5 {[%emt 0:00:04]} 26. Kf2 {[%emt 0:00:10]} Bc6 {[%emt 0:00:07]} 27. Ke3 {[%emt 0:00:17]} Bxa4 {[%emt 0:00:04]} 28. f4 {[%emt 0:00:31]} f5 {[%emt 0:00:11]} 29. g3 {[%emt 0:00:44]} Kf7 {[%emt 0:00:23]} 30. h3 {[%emt 0:00:37]} Ke6 {[%emt 0:00:09]} 31. Kd3 {[%emt 0:01:02]} Kd5 {[%emt 0:00:06]} 32. Ke3 {[%emt 0:01:16]} Kc4 {[%emt 0:00:18]} 33. g4 {[%emt 0:00:22]} fxg4 {[%emt 0:00:10]} 34. hxg4 {[%emt 0:00:10]} Bd7 {[%emt 0:00:04]} 35. Kd2 {[%emt 0:00:56]} Bxg4 {[%emt 0:00:10]} 36. Kc2 {[%emt 0:00:33]} Bf5+ {[%emt 0:00:04]} 37. Kd2 {[%emt 0:00:26]} Kb3 {[%emt 0:00:10]} 38. Kc1 {[%emt 0:00:13]} a4 {[%emt 0:00:04]} 39. Kd2 {[%emt 0:00:20]} Kxb2 {[%emt 0:00:08]} 40. Ke3 {[%emt 0:00:00]} a3 {[%emt 0:00:00]} 41. Kf3 {[%emt 0:00:32]} Kc3 {[%emt 0:00:28]} 42. Kg3 {[%emt 0:00:11]} a2 {[%emt 0:00:12]} 43. Kh4 {[%emt 0:00:08]} a1=Q {[%emt 0:00:16]} 44. Kg5 {[%emt 0:00:07]} Qg1+ {[%emt 0:00:22]} 45. Kh4 {[%emt 0:00:07]} Qg4# {[%emt 0:00:06]} 0-1